<?xml version="1.0" encoding="UTF-8"?>
<marc:record xmlns:marc="http://www.loc.gov/MARC21/slim">
   <marc:leader>00000nam a2200000 a 4500</marc:leader>
   <marc:datafield ind1="0" ind2="0" tag="245">
      <marc:subfield code="a">P.M. - Ausgabe 02/2023. - 02/2023</marc:subfield>
   </marc:datafield>
   <marc:datafield ind1=" " ind2="1" tag="264">
      <marc:subfield code="c">2023</marc:subfield>
   </marc:datafield>
   <marc:datafield ind1="1" ind2=" " tag="490">
      <marc:subfield code="a">P.M</marc:subfield>
   </marc:datafield>
   <marc:datafield ind1="1" ind2=" " tag="520">
      <marc:subfield code="a">Rettet die Parasiten! - Zecken, Milben, Würmer - Die Schmarotzer werden weniger. Dabei sind sie wichtig für unser überleben

- Comeback der Raumgleiter: Dream Chaser
- Hirnforschung: Wissen oder Glaube
- Straßenverkehr</marc:subfield>
   </marc:datafield>
</marc:record>
